| Tag |
First Indicator |
Second Indicator |
Subfields |
| LEADER |
00000cam a22000001a 4500 |
| 001 |
in00003265313 |
| 006 |
m d f |
| 007 |
cr bn mmmapmmp |
| 008 |
090922s2000 dcu ob f000 0 eng d |
| 005 |
20260504150104.9 |
| 035 |
|
|
|a cis2007472534
|
| 040 |
|
|
|a UMI
|c UMI
|d UtOrBLW
|
| 043 |
|
|
|a n-us---
|
| 074 |
|
|
|a 1020-A
|
| 074 |
|
|
|a 1020-A (online)
|
| 074 |
|
|
|a 1020-B (MF)
|
| 074 |
|
|
|a 1020-B (online)
|
| 086 |
0 |
|
|a Y 4.J 89/1:106/135
|
| 088 |
|
|
|a Serial no. 135 (United States. Congress. House. Committee on the Judiciary)
|
| 099 |
|
|
|a HRG-2000-HJH-0037
|
| 110 |
1 |
|
|a United States.
|b Congress.
|b House.
|b Committee on the Judiciary.
|b Subcommittee on the Constitution.
|
| 245 |
1 |
0 |
|a Fourth Amendment and the Internet :
|b hearing before the Subcommittee on the Constitution of the Committee on the Judiciary, House of Representatives, One Hundred Sixth Congress, second session, April 6, 2000.
|
| 264 |
|
1 |
|a Washington :
|b U.S. G.P.O. :
|c 2000.
|
| 264 |
|
2 |
|a Washington :
|b For sale by the U.S. G.P.O., Supt. of Docs., Congressional Sales Office,
|
| 300 |
|
|
|a 1 online resource.
|
| 336 |
|
|
|a text
|b txt
|2 rdacontent
|
| 337 |
|
|
|a computer
|b c
|2 rdamedia
|
| 338 |
|
|
|a online resource
|b cr
|2 rdacarrier
|
| 500 |
|
|
|a Record is based on bibliographic data in ProQuest Congressional Hearings Digital Collection. Reuse except for individual research requires license from ProQuest, LLC.
|
| 504 |
|
|
|a Includes bibliographical references.
|
| 530 |
|
|
|a Also available via Internet from the Judiciary Committee web site. Address as of 2/9/01: http://commdocs.house.gov/committees/judiciary/hju66503.000/hju6- 6503 0f.htm; current access is available via PURL.
|
| 538 |
|
|
|a System requirements: PDF reader software.
|
| 500 |
|
|
|a Electronic resource.
|
| 650 |
|
0 |
|a Internet
|x Security measures
|z United States.
|
| 650 |
|
0 |
|a Computer security
|z United States.
|
| 650 |
|
0 |
|a Computers
|x Access control
|z United States.
|
| 650 |
|
0 |
|a Electronic surveillance
|z United States.
|
| 650 |
|
0 |
|a Privacy, Right of
|z United States.
|
| 650 |
|
0 |
|a Data protection
|z United States.
|
| 655 |
|
7 |
|a Electronic books.
|2 local
|
| 710 |
2 |
|
|a ProQuest (Firm)
|
| 776 |
0 |
8 |
|i Print version:
|a United States. Congress. House. Committee on the Judiciary. Subcommittee on the Constitution.
|t Fourth Amendment and the Internet
|w (DLC)2001337653
|w (OCoLC)ocm45793369
|w (GPO)apn2001-003247
|
| 776 |
0 |
8 |
|i Microfiche version:
|a United States. Congress. House. Committee on the Judiciary. Subcommittee on the Constitution.
|t Fourth Amendment and the Internet.
|d [Bethesda, Md.] : ProQuest,[2004]
|o CIS 2001 H521-26
|w (ProQuest)cis00100702
|
| 830 |
|
0 |
|a U.S. Congressional Hearings.
|
| 856 |
4 |
0 |
|u http://proxy.library.tamu.edu/login?url=https://congressional.proquest.com/congcomp/getdoc?HEARING-ID=HRG-2000-HJH-0037
|z Connect to the full text of this electronic book
|t 0
|
| 998 |
|
|
|a cis00100702
|
| 999 |
|
|
|a MARS
|
| 999 |
f |
f |
|s d450fb34-80ea-3e11-a4de-a84bcac1245d
|i 1a9ede3a-7f19-3951-bc64-e9464ccdb159
|t 0
|
| 952 |
f |
f |
|a Texas A&M University
|b College Station
|c Electronic Resources
|s www_evans
|d Available Online
|t 0
|e HRG-2000-HJH-0037
|h Other scheme
|
| 998 |
f |
f |
|a HRG-2000-HJH-0037
|t 0
|l Available Online
|